[Event "THA-ch 45th"]
[Site "Ayutthaya"]
[Date "2022.04.12"]
[Round "9"]
[White "Prasitsoonthorn, Teerachoti"]
[Black "Jitsamlan, Aittipong"]
[Result "1-0"]
[WhiteElo "1709"]
[BlackElo "1180"]
[PlyCount "39"]
[EventDate "2022.04.08"]
[EventType "swiss"]
[EventRounds "9"]
[EventCountry "THA"]
[SourceTitle "CBM 207 Extra"]
[Source "ChessBase"]
[SourceDate "2022.05.31"]
[SourceVersion "1"]
[SourceVersionDate "2022.05.31"]
[SourceQuality "1"]

1. d4 Nf6 2. Nc3 e6 3. e4 d5 4. Bg5 Be7 5. e5 Nfd7 6. Bxe7 Qxe7 7. Qg4 0-0 8. 0-0-0 c5 9. Nb5 cxd4 10. f4 Nc6 11. Nf3 a6 12. Nbxd4 f6 13. Qxe6+ Qxe6 14. Nxe6 Rf7 15. Nc7 Rb8 16. e6 Re7 17. exd7 Bxd7 18. Nxd5 Ree8 19. Nxf6+ gxf6 20. Rxd7 1-0

[Event "THA-chT"]
[Site "Bangkok"]
[Date "2019.12.18"]
[Round "6.2"]
[White "Prasitsoonthorn, Teerachoti"]
[Black "Teerapabpaisit, Wisuwat"]
[Result "0-1"]
[WhiteElo "1774"]
[BlackElo "2136"]
[PlyCount "102"]
[EventDate "2019.12.16"]
[EventType "team-swiss"]
[EventRounds "9"]
[EventCountry "THA"]
[SourceTitle "CBM 194 Extra"]
[Source "ChessBase"]
[SourceDate "2020.03.31"]
[SourceVersion "1"]
[SourceVersionDate "2020.03.31"]
[SourceQuality "1"]
[WhiteTeam "JCA Infinity"]
[BlackTeam "East Bangapi"]
[WhiteTeamCountry "THA"]
[BlackTeamCountry "THA"]

1. e4 c5 2. Nf3 e6 3. d4 cxd4 4. Nxd4 a6 5. c4 Nf6 6. Nc3 Qc7 7. a3 b6 8. Be3 Bb7 9. f3 d6 10. Be2 Nbd7 11. 0-0 Rc8 12. Qd2 Be7 13. Rfc1 0-0 14. a4 a5 15. Rab1 Rfd8 16. Ncb5 Qb8 17. b4 axb4 18. Qxb4 Bf8 19. Qd2 Nc5 20. Nc3 Qc7 21. Qb2 Nfd7 22. Ndb5 Qb8 23. Bg5 f6 24. Bf4 Ne5 25. Rd1 Bc6 26. Qa2 Qa8 27. Rd2 Qa5 28. Qc2 Kf7 29. Bg3 Kg8 30. Bf4 Rd7 31. Nd4 Bxa4 32. Nxa4 Qxa4 33. Rxb6 Qxc2 34. Rxc2 Ra7 35. Bxe5 dxe5 36. Nc6 Ra1+ 37. Kf2 Rc7 38. Kg3 Nd7 39. Rcb2 Nxb6 40. Rxb6 Bc5 41. Rb8+ Kf7 42. Rb7 Rxb7 43. Nd8+ Ke7 44. Nxb7 Bb4 45. c5 Rc1 46. Bb5 Bxc5 47. Nxc5 Rxc5 48. Be2 Rc2 49. Kf2 Kd6 50. g4 Kc5 51. Ke3 g5 0-1

[Event "THA-chT"]
[Site "Bangkok"]
[Date "2019.12.16"]
[Round "2.2"]
[White "Prasitsoonthorn, Teerachoti"]
[Black "Barbe, Tom"]
[Result "0-1"]
[WhiteElo "1774"]
[BlackElo "2025"]
[PlyCount "58"]
[EventDate "2019.12.16"]
[EventType "team-swiss"]
[EventRounds "9"]
[EventCountry "THA"]
[SourceTitle "CBM 194 Extra"]
[Source "ChessBase"]
[SourceDate "2020.03.31"]
[SourceVersion "1"]
[SourceVersionDate "2020.03.31"]
[SourceQuality "1"]
[WhiteTeam "JCA Infinity"]
[BlackTeam "Red Knight CC"]
[WhiteTeamCountry "THA"]
[BlackTeamCountry "THA"]

1. e4 e5 2. Nf3 Nc6 3. Bc4 Nf6 4. d3 Be7 5. Nc3 d6 6. a3 Bg4 7. Be3 Nd4 8. h3 Nxf3+ 9. gxf3 Bh5 10. d4 Nd7 11. dxe5 dxe5 12. Be2 g5 13. Qd2 Nf8 14. Qd5 Qxd5 15. Nxd5 Ne6 16. h4 gxh4 17. 0-0-0 Bd8 18. Nb4 a5 19. Nd3 Bf6 20. Ne1 Rg8 21. Rh2 Nf8 22. Ng2 Ng6 23. Rg1 0-0-0 24. Ne1 Nf4 25. Rxg8 Nxe2+ 26. Kb1 Rxg8 27. Ng2 Bxf3 28. Nxh4 Bxh4 29. Rxh4 h5 0-1

[Event "World ol U16"]
[Site "Konya"]
[Date "2018.11.27"]
[Round "4.22"]
[White "Prasitsoonthorn, Teerachoti"]
[Black "Briem, Stephan"]
[Result "1-0"]
[WhiteElo "1849"]
[BlackElo "2062"]
[PlyCount "93"]
[EventDate "2018.11.25"]
[EventType "team-swiss"]
[EventRounds "9"]
[EventCountry "TUR"]
[SourceTitle "CBM 187 Extra"]
[Source "ChessBase"]
[SourceDate "2018.11.04"]
[SourceVersion "1"]
[SourceVersionDate "2018.11.04"]
[SourceQuality "1"]
[WhiteTeam "Thailand"]
[BlackTeam "Iceland"]
[WhiteTeamCountry "THA"]
[BlackTeamCountry "ISL"]

1. d4 f5 2. Bg5 h6 3. Bh4 g5 4. Bg3 Nf6 5. e3 Bg7 6. h4 g4 7. Bd3 d6 8. c4 Nh5 9. Ne2 e5 10. Nbc3 Nc6 11. d5 Ne7 12. f3 0-0 13. Qd2 c6 14. 0-0-0 cxd5 15. fxg4 fxg4 16. Rhf1 Be6 17. Rxf8+ Qxf8 18. cxd5 Bf7 19. Rf1 Qd8 20. Qc2 Nf6 21. e4 Bg6 22. Bf2 a6 23. Ng3 Rc8 24. Kb1 b5 25. Qd2 Kh7 26. Be3 Qd7 27. h5 Nxh5 28. Nxh5 Bxh5 29. Rh1 Qe8 30. Ne2 Ng8 31. Ng3 Nf6 32. Nf5 Qg6 33. Ne7 Qe8 34. Nxc8 Qxc8 35. Rc1 Qe8 36. Rc6 Bg6 37. Qc2 Nh5 38. Rxd6 Nf4 39. Bxf4 exf4 40. Re6 Qf7 41. e5 Bxd3 42. Qxd3+ Kg8 43. d6 f3 44. gxf3 Qxe6 45. d7 Bf6 46. Qg6+ Kf8 47. Qxf6+ 1-0

[Event "World ol U16"]
[Site "Konya"]
[Date "2018.11.26"]
[Round "2.23"]
[White "Prasitsoonthorn, Teerachoti"]
[Black "Boubendir, Nesrine"]
[Result "0-1"]
[WhiteElo "1849"]
[BlackElo "1467"]
[PlyCount "136"]
[EventDate "2018.11.25"]
[EventType "team-swiss"]
[EventRounds "9"]
[EventCountry "TUR"]
[SourceTitle "CBM 187 Extra"]
[Source "ChessBase"]
[SourceDate "2018.11.04"]
[SourceVersion "1"]
[SourceVersionDate "2018.11.04"]
[SourceQuality "1"]
[WhiteTeam "Thailand"]
[BlackTeam "Algeria II"]
[WhiteTeamCountry "THA"]
[BlackTeamCountry "ALG"]

1. c4 e5 2. g3 Nf6 3. Bg2 d5 4. cxd5 Nxd5 5. Nc3 Nb6 6. Nf3 Nc6 7. d3 Be7 8. 0-0 0-0 9. a3 Be6 10. Be3 Bf6 11. Ne4 Nd7 12. d4 exd4 13. Nxf6+ Nxf6 14. Nxd4 Nxd4 15. Bxd4 c6 16. Rc1 Re8 17. e3 Bd5 18. Bxf6 Qxf6 19. Bxd5 cxd5 20. Qxd5 Qb6 21. b4 Rad8 22. Qc5 Qa6 23. b5 Qa5 24. Qc7 Qxb5 25. Rfd1 Rxd1+ 26. Rxd1 h6 27. Qd7 Qxd7 28. Rxd7 Rb8 29. Kg2 g6 30. Kf3 Kg7 31. Ke4 Kf8 32. Ke5 Re8+ 33. Kd6 Re6+ 34. Kc7 Ra6 35. Rd3 b6 36. Kc6 Ra5 37. f4 Rc5+ 38. Kb7 Ra5 39. g4 Ke7 40. h4 f6 41. e4 Ke6 42. Kc6 Rc5+ 43. Kb7 Ra5 44. Rc3 Rc5 45. Rd3 Ra5 46. Kc8 Ra4 47. Re3 g5 48. fxg5 fxg5 49. hxg5 hxg5 50. Kb7 Ke5 51. Ka8 Kf4 52. Re1 Ke5 53. Re3 b5 54. Kb7 a5 55. Kb6 b4 56. axb4 Rxb4+ 57. Kxa5 Rxe4 58. Rg3 Kf4 59. Rg1 Kf3 60. Kb5 Rxg4 61. Ra1 Re4 62. Kc5 g4 63. Kd5 Re2 64. Kd4 g3 65. Ra3+ Kf2 66. Ra1 g2 67. Kd3 Re1 68. Ra8 Rd1+ 0-1

[Event "Bangkok Cha Am op 18th"]
[Site "Bangkog"]
[Date "2018.04.17"]
[Round "5"]
[White "Tan, Jun Ying"]
[Black "Prasitsoonthorn, Teerachoti"]
[Result "1-0"]
[WhiteElo "2089"]
[BlackElo "1859"]
[PlyCount "57"]
[EventDate "2018.04.13"]
[EventType "swiss"]
[EventRounds "9"]
[EventCountry "THA"]
[SourceTitle "CBM 184 Extra"]
[Source "ChessBase"]
[SourceDate "2018.06.28"]
[SourceVersion "1"]
[SourceVersionDate "2018.06.28"]
[SourceQuality "1"]

1. d4 d5 2. c4 dxc4 3. e3 Nf6 4. Bxc4 e6 5. Nf3 a6 6. Bb3 b5 7. a4 b4 8. 0-0 Bb7 9. Nbd2 Nbd7 10. Re1 c5 11. e4 cxd4 12. e5 Nd5 13. Nc4 Nc5 14. Bg5 Qc7 15. Nxd4 Rc8 16. Rc1 h6 17. Nd6+ Bxd6 18. exd6 Qd7 19. Bxd5 Bxd5 20. Be7 g6 21. Nf3 Bxf3 22. gxf3 Rg8 23. Qd4 Nb7 24. Red1 Rc6 25. Qxb4 a5 26. Qb5 Rxc1 27. Rxc1 Qxb5 28. Rc8+ Kd7 29. Rc7+ 1-0

[Event "Bangkok Cha Am op 18th"]
[Site "Bangkog"]
[Date "2018.04.13"]
[Round "1"]
[White "Duong, The Anh"]
[Black "Prasitsoonthorn, Teerachoti"]
[Result "1-0"]
[WhiteElo "2316"]
[BlackElo "1859"]
[PlyCount "61"]
[EventDate "2018.04.13"]
[EventType "swiss"]
[EventRounds "9"]
[EventCountry "THA"]
[SourceTitle "CBM 184 Extra"]
[Source "ChessBase"]
[SourceDate "2018.06.28"]
[SourceVersion "1"]
[SourceVersionDate "2018.06.28"]
[SourceQuality "1"]

1. d4 d5 2. c4 dxc4 3. e3 Be6 4. Ne2 Nf6 5. Nf4 Bf5 6. Nc3 e5 7. dxe5 Qxd1+ 8. Nxd1 Ng4 9. e4 Bb4+ 10. Nc3 Bd7 11. Nfd5 Ba5 12. Bxc4 Nxe5 13. Be2 c6 14. Ne3 Na6 15. f4 Ng6 16. Bxa6 bxa6 17. Nc4 Bc7 18. 0-0 0-0 19. Be3 Rfd8 20. Rac1 Rab8 21. b3 Be6 22. Na4 Rb4 23. Nab2 Bxc4 24. Nxc4 Rd3 25. f5 Ne5 26. Nxe5 Rxe3 27. Rxc6 Rbxe4 28. Nc4 Rxc4 29. bxc4 Bb6 30. c5 Bd8 31. Rd1 1-0

[Event "Bangkok Assumption op"]
[Site "Bangkok"]
[Date "2017.03.18"]
[Round "8"]
[White "Prasitsoonthorn, Teerachoti"]
[Black "Kasetchol, Sathit"]
[Result "0-1"]
[WhiteElo "1694"]
[BlackElo "2042"]
[PlyCount "89"]
[EventDate "2017.03.10"]
[EventType "swiss"]
[EventRounds "9"]
[EventCountry "THA"]
[SourceTitle "EXT 2018"]
[Source "ChessBase"]
[SourceDate "2017.10.13"]
[SourceVersion "1"]
[SourceVersionDate "2017.10.13"]
[SourceQuality "1"]

1. e4 e5 2. Nf3 d6 3. Bc4 Be7 4. d4 exd4 5. Nxd4 Nf6 6. Nc3 0-0 7. 0-0 Nc6 8. f3 Ne5 9. Be2 c6 10. Be3 Qc7 11. Nf5 Bxf5 12. exf5 d5 13. f4 Nc4 14. Bxc4 dxc4 15. g4 Rad8 16. Qe2 Rfe8 17. Qf3 Bb4 18. g5 Bxc3 19. bxc3 Nd5 20. Bd4 Qd7 21. f6 g6 22. f5 Qxf5 23. Qg3 Qxc2 24. Qh3 h5 25. gxh6 Kh7 26. Rac1 Qe2 27. Rf3 Qd2 28. Rcf1 Re1 29. Rxe1 Qxe1+ 30. Rf1 Qe2 31. Rf2 Qd1+ 32. Rf1 Qc2 33. Qg3 Qd3 34. Qxd3 cxd3 35. Rd1 c5 36. c4 cxd4 37. cxd5 Rxd5 38. Rxd3 Kxh6 39. Kg2 Kg5 40. Kf3 Kxf6 41. Ke4 Ke6 42. Rb3 d3 43. Rxd3 f5+ 44. Ke3 Rxd3+ 45. Kxd3 0-1

[Event "THA-chT"]
[Site "Bangkok"]
[Date "2015.12.12"]
[Round "8.3"]
[White "Pantong, Tikampon"]
[Black "Prasitsoonthorn, Teerachoti"]
[Result "0-1"]
[WhiteElo "1578"]
[BlackElo "1618"]
[PlyCount "50"]
[EventDate "2015.12.04"]
[EventType "team-swiss"]
[EventRounds "9"]
[EventCountry "THA"]
[SourceTitle "CBM 170 Extra"]
[Source "ChessBase"]
[SourceDate "2016.02.25"]
[SourceVersion "1"]
[SourceVersionDate "2016.02.25"]
[SourceQuality "1"]
[WhiteTeam "Bangapi Thursday Club"]
[BlackTeam "Strong Team"]
[WhiteTeamCountry "THA"]
[BlackTeamCountry "THA"]

1. e4 c5 2. Nf3 a6 3. d4 cxd4 4. Nxd4 e5 5. Nf3 Nf6 6. Nc3 Bb4 7. Bg5 d6 8. Bd3 0-0 9. 0-0 Bxc3 10. bxc3 Be6 11. Qd2 Nbd7 12. Rfd1 h6 13. Be3 Qc7 14. Qe1 Rac8 15. Bd2 d5 16. Rab1 dxe4 17. Bxe4 Nc5 18. Bd3 e4 19. Qe3 exf3 20. Qxf3 Bg4 21. Qg3 Qxg3 22. fxg3 Bxd1 23. Rxd1 Nxd3 24. cxd3 Rfd8 25. d4 Ne4 0-1

[Event "THA-chT"]
[Site "Bangkok"]
[Date "2015.12.12"]
[Round "7.3"]
[White "Prasitsoonthorn, Teerachoti"]
[Black "Chotichanathawewong, Sanquan"]
[Result "1-0"]
[WhiteElo "1618"]
[BlackElo "1437"]
[PlyCount "115"]
[EventDate "2015.12.04"]
[EventType "team-swiss"]
[EventRounds "9"]
[EventCountry "THA"]
[SourceTitle "CBM 170 Extra"]
[Source "ChessBase"]
[SourceDate "2016.02.25"]
[SourceVersion "1"]
[SourceVersionDate "2016.02.25"]
[SourceQuality "1"]
[WhiteTeam "Strong Team"]
[BlackTeam "KUS Warriors"]
[WhiteTeamCountry "THA"]
[BlackTeamCountry "THA"]

1. e4 e6 2. d4 d5 3. Nd2 dxe4 4. Nxe4 Nd7 5. Bd3 Ngf6 6. Nxf6+ Nxf6 7. Nf3 Be7 8. 0-0 0-0 9. c3 h6 10. h3 c5 11. dxc5 Bxc5 12. Qe2 Qe7 13. Bf4 Bd7 14. Rad1 Bc6 15. b4 Nd5 16. Qd2 Nxf4 17. Qxf4 Bd6 18. Qxd6 Qxd6 19. Bh7+ Kxh7 20. Rxd6 Bxf3 21. gxf3 Rac8 22. Rd7 Rb8 23. Rfd1 a6 24. Rc7 b5 25. Rdd7 Kg6 26. Kf1 Rbc8 27. Rxf7 Rxc7 28. Rxc7 Rxf3 29. Kg2 Rf6 30. Kg3 e5 31. Re7 Rc6 32. Rxe5 Rxc3+ 33. Re3 Rc6 34. f3 Kf6 35. h4 g5 36. hxg5+ hxg5 37. Rd3 Kf5 38. Rd5+ Kg6 39. Rc5 Rf6 40. a3 Kh5 41. Rd5 Kg6 42. Rd4 Re6 43. Kg4 Rf6 44. Re4 Kh6 45. Kg3 Kg6 46. Kf2 Kf5 47. Rd4 Re6 48. Rd5+ Re5 49. Rc5 Kf6 50. Kg3 Re1 51. Rc6+ Re6 52. Rc8 Re7 53. Kg4 Kf7 54. Rc6 Re6 55. Rxe6 Kxe6 56. Kxg5 Kf7 57. Kf5 Ke7 58. Ke5 1-0